Chyby digitální transformace nejen v pojišťovnictví
Sú poisťovne dostatočne digitalizované? A mali by prejsť väčšou technologickou premenou?
Saved in:
| Main Author: | |
|---|---|
| Format: | Book Chapter |
| Language: | Czech |
| Subjects: | |
| Tags: |
No Tags, Be the first to tag this record!
|
MARC
| LEADER | 00000naa a2200000 4500 | ||
|---|---|---|---|
| 001 | 0298470 | ||
| 005 | 20240417075259.9 | ||
| 041 | 0 | |a cze | |
| 044 | |a CZ | ||
| 245 | 1 | 0 | |a Chyby digitální transformace nejen v pojišťovnictví |c Matěj Flaschka |
| 520 | |a Sú poisťovne dostatočne digitalizované? A mali by prejsť väčšou technologickou premenou? | ||
| 610 | 2 | 0 | |a poisťovníctvo |
| 610 | 2 | 0 | |a transformácia digitálna |
| 610 | 2 | 0 | |a digitalizácia |
| 610 | 2 | 0 | |a technológie inteligentné |
| 610 | 2 | 0 | |a klienti |
| 610 | 2 | 0 | |a inovácia |
| 100 | 1 | |a Flaschka, Matěj | |